Statistics for 2021-2022 NFL Playoff Teams

Click here to take the quiz!

General Stats

  • This quiz has been taken 1,077 times
    (952 since last reset)
  • The average score is 13 of 14

Answer Stats

GroupSeedTeam% Correct
AFC2Kansas City Chiefs
100%
AFC3Buffalo Bills
98%
AFC4Cincinnati Bengals
96%
NFC4Los Angeles Rams
94%
NFC2Tampa Bay Buccaneers
94%
NFC1Green Bay Packers
92%
NFC6San Francisco 49ers
92%
NFC3Dallas Cowboys
89%
NFC7Philadelphia Eagles
88%
AFC1Tennessee Titans
88%
AFC7Pittsburgh Steelers
87%
AFC6New England Patriots
83%
AFC5Las Vegas Raiders
81%
NFC5Arizona Cardinals
70%

Score Distribution

Percentile by Number Answered

Percent of People with Each Score

Your Score History

You have not taken this quiz since the last reset